Online Catalogue and eLibrary

Economics reforms in Sri Lanka : (Record no. 4979)

MARC details
000 -LEADER
fixed length control field 00483nam a2200169Ia 4500
005 - DATE AND TIME OF LATEST TRANSACTION
control field 20240402054655.0
008 - FIXED-LENGTH DATA ELEMENTS--GENERAL INFORMATION
fixed length control field 240331s9999 xx 000 0 und d
020 ## - INTERNATIONAL STANDARD BOOK NUMBER
ISBN 9555800952
082 ## - DDC Classification
Item Number - Author Mark ECO
Class No. 330
245 #0 - TITLE STATEMENT
Title Economics reforms in Sri Lanka :
Remainder of title post -1977 period /
260 ## - PUBLICATION, DISTRIBUTION, ETC.
Place of publication, distribution, etc. Colombo :
Name of publisher, distributor, etc. International Centre for ethnic studies /
Date of publication, distribution, etc. 2005.
300 ## - PHYSICAL DESCRIPTION
Extent (e.g. Volumes, Pages etc.) xii, 392 p .,
650 ## - SUBJECT ADDED ENTRY--TOPICAL TERM
Topical term or geographic name entry element political
650 ## - SUBJECT ADDED ENTRY--TOPICAL TERM
Topical term or geographic name entry element Economic
700 ## - ADDED ENTRY--PERSONAL NAME
Personal name Saravananthan, muttukrishna.
Relator term (Role) Editor
942 ## - Koha item type (Biblio)
Koha item type Books in Stacks (Lending)
Holdings
Lost status Damaged status Collection code Home library Current library Shelving location Date acquired Full call number Accession Number Item type
    Lending WERC Library WERC Library Social Science Cupboard 03/31/2024 330 ECO 6575 Books in Stacks (Lending)

© WERC Library